Innovations in regions of Eastern Slovakia

Podpora malého a stredného podnikania na Slovensku. Rizikový kapitál, inovácia podnikov. Inovácie a regionálna stratégia v regiónoch východného Slovenska. Dva subregióny na východnom Slovensku. Základná charakteristika subregiónov.

Na minha lista:
Detalhes bibliográficos
Autor principal: Pešáková, Petra, 1984-
Outros Autores: Pudło, Patrycja
Formato: Capítulo de Livro
Idioma:inglês
Assuntos:
Tags: Adicionar Tag
Sem tags, seja o primeiro a adicionar uma tag!

MARC

LEADER 00000naa$a2200000$$$4500
001 0093961
005 20240517104042.9
041 0 |a eng 
044 |a CZ 
245 1 0 |a Innovations in regions of Eastern Slovakia  |c Petra Pešáková, Patrycja Pudło 
520 |a Podpora malého a stredného podnikania na Slovensku. Rizikový kapitál, inovácia podnikov. Inovácie a regionálna stratégia v regiónoch východného Slovenska. Dva subregióny na východnom Slovensku. Základná charakteristika subregiónov. 
610 2 0 |a vývoj regionálny 
610 2 0 |a výskum 
610 2 0 |a inovácia 
610 2 0 |a konkurencieschopnosť 
610 2 0 |a východné Slovensko 
100 1 |a Pešáková, Petra, 1984- 
700 1 |a Pudło, Patrycja